[Event "FRA-chT U20"]
[Site "France"]
[Date "2012.05.26"]
[Round "8"]
[White "Trouve, Guillaume"]
[Black "Casner, Theo"]
[Result "1-0"]
[WhiteElo "1761"]
[BlackElo "1270"]
[PlyCount "57"]
[EventDate "2012.05.26"]
[EventType "team-swiss"]
[EventRounds "9"]
[EventCountry "FRA"]
[SourceTitle "EXT 2014"]
[Source "ChessBase"]
[SourceDate "2013.11.20"]
[SourceVersion "1"]
[SourceVersionDate "2013.11.20"]
[SourceQuality "1"]

1. e4 c5 2. Nf3 d6 3. d4 cxd4 4. Nxd4 Nf6 5. Nc3 g6 6. Be3 Bg7 7. f3 0-0 8. Bc4 Nc6 9. Qd2 Bd7 10. 0-0-0 Rb8 11. h4 a6 12. h5 b5 13. Bb3 Na5 14. Bh6 Nxb3+ 15. Nxb3 Qb6 16. Bxg7 Kxg7 17. hxg6 fxg6 18. Qh6+ Kf7 19. Nd5 Nxd5 20. Qxh7+ Kf6 21. Qh4+ Kf7 22. exd5 Qe3+ 23. Kb1 Rh8 24. Qg3 Rxh1 25. Rxh1 Kg7 26. Re1 Qa7 27. Rxe7+ Kf8 28. Qxd6 Qg1+ 29. Re1+ 1-0